| 000 | 00853nam a2200217Ii 4500 | ||
|---|---|---|---|
| 003 | JO-AjNU | ||
| 008 | 230605s9999||||xx |||||||||||||| ||und|| | ||
| 017 | _a2008/11/3909 | ||
| 040 |
_aJO-AjNU _bara _erda _cJO-AjNU |
||
| 041 | _aara | ||
| 050 | 1 | 4 | _aJZ1480.A57.B39.2009 |
| 100 | 3 |
_aتحرير البزاز، حسن عبداللطيف, _eauthor _950359 |
|
| 245 | 0 | 0 | _aالخيارات الأمريكية المقبلة في العراق : Future American Alternatives In Iraq Future American Alternatives In Iraq |
| 250 | _aط1 | ||
| 264 | 3 | 1 | _aعمان : دار المأمون ،2008 |
| 300 | _a293ص | ||
| 336 |
_atext _btxt _2rdacontent |
||
| 337 |
_aunmediated _bn _2rdamedia |
||
| 338 |
_avolume _bnc _2rdacarrier |
||
| 650 | 4 |
_aالسياسة الخارجية -- الولايات المتحدة الأمريكية -- العراق _950360 |
|
| 999 |
_aA22178 _c25746 _d25746 |
||